00588nam a22001817a 4500003000500000005001700005008004100022010001000063011001000073035001000083040000900093100003400102245009600136260010000232300001000332650004800342650001600390CHAP20220329140625.0971013s1983 br r 00010 por d a54913 a55885 a60038 cCHAP00aSantos, Jurema Correiaecomp.1 aBibliografía de cigarrinhas-das-pastagens e da cana-de-acúcarb: (Momoptera:Cercopidae) aBrasil :bComissao Executiva do Plano da Laboura Cacaveira. Centro de Pesquisas do Cacau,c1983 a54 p.14aCaña de azúcarxPlagasxBibliografía.14aCercopidae.